The JAVA Tutorial (Record no. 157341)
[ view plain ]
| 000 -LEADER | |
|---|---|
| fixed length control field | 00452nam a2200193Ia 4500 |
| 008 - FIXED-LENGTH DATA ELEMENTS--GENERAL INFORMATION | |
| fixed length control field | 240823s9999||||xx |||||||||||||| ||und|| |
| 082 ## - DEWEY DECIMAL CLASSIFICATION NUMBER | |
| -- | 005.133 N8 |
| 100 ## - MAIN ENTRY--PERSONAL NAME | |
| Personal name | "Campione,Mary" |
| 245 #4 - TITLE STATEMENT | |
| Title | The JAVA Tutorial |
| 250 ## - EDITION STATEMENT | |
| Edition statement | 2nd |
| 260 ## - PUBLICATION, DISTRIBUTION, ETC. (IMPRINT) | |
| Date of publication, distribution, etc | 1998 |
| Name of publisher, distributor, etc | "AWL,Menlo Park" |
| 500 ## - GENERAL NOTE | |
| General note | YES |
| 650 ## - SUBJECT ADDED ENTRY--TOPICAL TERM | |
| Topical term or geographic name as entry element | JAVA |
| 700 ## - ADDED ENTRY--PERSONAL NAME | |
| Personal name | " Walrath,Kathy" |
| 942 ## - ADDED ENTRY ELEMENTS (KOHA) | |
| Item type | Books |
| Withdrawn status | Lost status | Damaged status | Permanent location | Current location | Date acquired | Cost, normal purchase price | Full call number | Barcode | Date last seen | Koha item type |
|---|---|---|---|---|---|---|---|---|---|---|
| CENTRAL LIBRARY, NOORUL ISLAM CENTRE FOR HIGHER EDUCATION | CENTRAL LIBRARY, NOORUL ISLAM CENTRE FOR HIGHER EDUCATION | 05/09/2003 | 686.00 | 005.133 N8 | 12873 | 08/23/2024 | Books |
